| 000 | 01312nac a22003131i 4500 | ||
|---|---|---|---|
| 003 | EG-ScBUE | ||
| 005 | 20250624085337.0 | ||
| 008 | 250618t1991 enka f b 001 0 eng d | ||
| 020 | _a0750301716 | ||
| 020 | _a9780750301718 | ||
| 035 | _a(OCoLC)30940238 | ||
| 040 |
_aEG-ScBUE _beng _erda _cEG-ScBUE _dEG-ScBUE |
||
| 082 | 0 | 4 |
_a537.623 _bSCO _222 |
| 111 | 2 |
_aScottish Universities Summer School in Physics _n(39th : _d1991 : _cSt. Andrews, Scotland) |
|
| 245 | 1 | 0 |
_aHigh temperature superconductivity : _bproceedings of the thirty-ninth Scottish Universities Summer School in Physics, St. Andrews, June 1991 / _cedited by D. P. Tunstall, St Andrews University and W. Barford, Sheffield University. |
| 264 | 1 |
_aBristol : _bScottish Universities Summer School in Physics & Adam Hilger, _c[1991] |
|
| 264 | 4 | _cc1991 | |
| 300 |
_a404 pages : _billustrations ; _c24 cm. |
||
| 336 |
_2rdacontent _atext _btxt |
||
| 337 |
_aunmediated _2rdamedia _bn |
||
| 338 |
_avolume _bnc _2rdacarrier |
||
| 490 | 0 | _aSUSSP publications | |
| 504 | _aIncludes bibliographical references and index. | ||
| 650 | 7 |
_aHigh temperature superconductivity _xCongresses. _2BUEsh |
|
| 655 | _vReading book | ||
| 700 | 1 |
_aTunstall, D. P. _q(David Prestwich), _d1939- _eeditor. |
|
| 700 | 1 |
_aBarford, W. _q(William), _eeditor. |
|
| 942 |
_cBB _2ddc |
||
| 999 |
_c2452 _d2452 |
||